<?xml version="1.0" encoding="UTF-8"?>
<record
    xmlns:xsi="http://www.w3.org/2001/XMLSchema-instance"
    xsi:schemaLocation="http://www.loc.gov/MARC21/slim http://www.loc.gov/standards/marcxml/schema/MARC21slim.xsd"
    xmlns="http://www.loc.gov/MARC21/slim">

  <leader>03363cam a22003375i 4500</leader>
  <datafield tag="020" ind1=" " ind2=" ">
    <subfield code="a">9783319550749</subfield>
  </datafield>
  <datafield tag="040" ind1=" " ind2=" ">
    <subfield code="c">DLC</subfield>
  </datafield>
  <datafield tag="082" ind1="0" ind2="4">
    <subfield code="a">333 FAO 2015 C323 Or.</subfield>
  </datafield>
  <datafield tag="245" ind1="0" ind2="4">
    <subfield code="a">The Small-Scale Fisheries Guidelines :</subfield>
    <subfield code="b">Global Implementation /</subfield>
  </datafield>
  <datafield tag="250" ind1=" " ind2=" ">
    <subfield code="a">1st ed. 2017.</subfield>
  </datafield>
  <datafield tag="300" ind1=" " ind2=" ">
    <subfield code="a">1 online resource (XXII, 858 pages 74 illustrations, 62 illustrations in color.)</subfield>
  </datafield>
  <datafield tag="490" ind1="1" ind2=" ">
    <subfield code="a">MARE Publication Series,</subfield>
  </datafield>
  <datafield tag="520" ind1=" " ind2=" ">
    <subfield code="a">In June 2014, FAO member-states endorsed the Voluntary Guidelines for Securing Sustainable Small-Scale Fisheries (SSF Guidelines). These Guidelines are one of the most significant landmarks for small-scale fisheries around the world. They are comprehensive in terms of topics covered, and progressive, with their foundations based on human rights and other key principles. It can be anticipated that implementing the SSF Guidelines, whether at local, national, or regional levels, will be challenging. This book contains in-depth case studies where authors discuss the extent to which the Guidelines can help improve the realities of small-scale fishing men and women globally and make their livelihoods and communities more secure. This will require policy intervention and innovation, along with contributions of civil society organizations and academia. However, most of all it will necessitate the empowerment of fishing people so that they can become active participants in decision making on matters where their well-being and human rights are at stake. By endorsing the SSF Guidelines, states have committed themselves to support and facilitate this development. This book asks whether states can successfully "walk the talk," and provides advice as to how they can do so. The collection of case studies sets the platform for an interactive dialogue space for researchers, policy makers, civil society and small-scale fishing communities to start the conversation about the monitoring and evaluation of the implementation of the SSF Guidelines at local, national, regional and global levels. An added value is that it helps add focus to our work as civil society activists involved in ensuring the application of the SSF Guidelines. Naseegh Jaffer - General Secretary, World Forum of Fisher People (WFFP) This collection offers many ways in which institutions enabling small-scale fisheries can protect and promote sustainability, food security, customary tenure, self-management, and market access, while fostering such benefits as ecosystem-based management, protected areas, incorporation of local knowledge, and poverty alleviation. You will want to put this book in the hands of policy-makers and practitioners immediately -- and for years to come. Evelyn Pinkerton - Professor, Simon Fraser University, Canada.</subfield>
  </datafield>
  <datafield tag="650" ind1=" " ind2="0">
    <subfield code="a">Economic development.</subfield>
  </datafield>
  <datafield tag="650" ind1=" " ind2="0">
    <subfield code="a">Environmental sociology.</subfield>
  </datafield>
  <datafield tag="650" ind1=" " ind2="0">
    <subfield code="a">Human rights.</subfield>
  </datafield>
  <datafield tag="650" ind1=" " ind2="0">
    <subfield code="a">Poverty.</subfield>
  </datafield>
  <datafield tag="650" ind1=" " ind2="0">
    <subfield code="a">Social change.</subfield>
  </datafield>
  <datafield tag="650" ind1=" " ind2="0">
    <subfield code="a">Social justice.</subfield>
  </datafield>
  <datafield tag="650" ind1=" " ind2="0">
    <subfield code="a">Sustainable development.</subfield>
  </datafield>
  <datafield tag="650" ind1="1" ind2="4">
    <subfield code="a">Environmental Sociology.</subfield>
  </datafield>
  <datafield tag="650" ind1="2" ind2="4">
    <subfield code="a">Development Aid.</subfield>
  </datafield>
  <datafield tag="650" ind1="2" ind2="4">
    <subfield code="a">Development and Social Change.</subfield>
  </datafield>
  <datafield tag="650" ind1="2" ind2="4">
    <subfield code="a">Social Justice, Equality and Human Rights.</subfield>
  </datafield>
  <datafield tag="650" ind1="2" ind2="4">
    <subfield code="a">Sustainable Development.</subfield>
  </datafield>
  <datafield tag="700" ind1="1" ind2=" ">
    <subfield code="a">Barrag&#xE1;n-Paladines, Mar&#xED;a Jos&#xE9;.</subfield>
  </datafield>
  <datafield tag="700" ind1="1" ind2=" ">
    <subfield code="a">Chuenpagdee, Ratana.</subfield>
  </datafield>
  <datafield tag="700" ind1="1" ind2=" ">
    <subfield code="a">Franz, Nicole.</subfield>
  </datafield>
  <datafield tag="700" ind1="1" ind2=" ">
    <subfield code="a">Jentoft, Svein.</subfield>
  </datafield>
  <datafield tag="942" ind1=" " ind2=" ">
    <subfield code="c">AEDBB</subfield>
  </datafield>
  <datafield tag="999" ind1=" " ind2=" ">
    <subfield code="c">20648</subfield>
    <subfield code="d">20648</subfield>
  </datafield>
  <datafield tag="952" ind1=" " ind2=" ">
    <subfield code="0">0</subfield>
    <subfield code="1">0</subfield>
    <subfield code="4">0</subfield>
    <subfield code="6">333_000000000000000_FAO_2015_C323_OR</subfield>
    <subfield code="7">0</subfield>
    <subfield code="9">91934</subfield>
    <subfield code="a">LBC</subfield>
    <subfield code="b">LBC</subfield>
    <subfield code="c">C323</subfield>
    <subfield code="d">2022-10-13</subfield>
    <subfield code="o">333 FAO 2015 C323 Or.</subfield>
    <subfield code="p">A069726</subfield>
    <subfield code="r">2022-10-13</subfield>
    <subfield code="y">AEDBB</subfield>
  </datafield>
</record>
